000
00328nam a2200157Ia 4500
100
_a
Lockhart andrew
650
_a
Network Security
942
_c
BK
366
_f
25
245
_a
Network security Hacks
260
_b
Oreilly
_c
2007
082
_a
5.8
_b
LOC
300
_a
455
546
_a
ENGLISH
_c
electronics
999
_c
34767
_d
34767